00854nam a2200181Ia 4500952010100000952010100101999001700202008004100219050002000260100003800280245005400318260002900372300003500401505017800436519000900614650003700623942001200660 00102lcc4070a01b01d2022-09-24l0oBJ68 E77 2008p16 001992r2023-07-12t1w2022-09-24yLB 00102lcc4070a01b01d2022-09-24l0oBJ68 E77 2008p16 001993r2023-07-12t2w2022-09-24yLB c69088d69088120626s2008 mx a 000 0 spa d aBJ68 bE77 2008 aEstrada Díaz, Verónicaeautor aPensemos en ética c/ Verónica Estrada Díaz aMexico b: s/ed.c, 2008 a209 páginasb: ilustraciones aI. Conceptos de filosofía y de ética II. Esencia de la moral III. La libertad IV. Axiología V. Aplicación de la moral VI. Problemas morales específicos  a d  0aÉTICA - ESTUDIO Y ENSEÑANZA. cLB2lcc